<?xml version="1.0" encoding="UTF-8"?>
<record
    xmlns:xsi="http://www.w3.org/2001/XMLSchema-instance"
    xsi:schemaLocation="http://www.loc.gov/MARC21/slim http://www.loc.gov/standards/marcxml/schema/MARC21slim.xsd"
    xmlns="http://www.loc.gov/MARC21/slim">

  <leader>00346    a2200085   4500</leader>
  <datafield tag="020" ind1=" " ind2=" ">
    <subfield code="a">9789348889447</subfield>
  </datafield>
  <datafield tag="100" ind1=" " ind2=" ">
    <subfield code="a">Mulye D.</subfield>
    <subfield code="9">211687</subfield>
  </datafield>
  <datafield tag="245" ind1=" " ind2=" ">
    <subfield code="a">&#x92A;&#x941;&#x923;&#x94D;&#x92F;&#x936;&#x94D;&#x932;&#x94B;&#x915; &#x905;&#x939;&#x93F;&#x932;&#x94D;&#x92F;&#x93E;&#x926;&#x947;&#x935;&#x940; &#x939;&#x94B;&#x933;&#x915;&#x930;:&#x905;&#x926;&#x92E;&#x94D;&#x92F; &#x91A;&#x948;&#x924;&#x928;&#x94D;&#x92F;&#x93E;&#x91A;&#x940; &#x92E;&#x939;&#x93E;&#x930;&#x93E;&#x923;&#x940; </subfield>
  </datafield>
  <datafield tag="260" ind1=" " ind2=" ">
    <subfield code="b">Bharatiya Vichar Sadhana Pune Prakashan</subfield>
    <subfield code="c">2025</subfield>
  </datafield>
  <datafield tag="999" ind1=" " ind2=" ">
    <subfield code="c">365688</subfield>
    <subfield code="d">365688</subfield>
  </datafield>
  <datafield tag="952" ind1=" " ind2=" ">
    <subfield code="0">0</subfield>
    <subfield code="1">0</subfield>
    <subfield code="2">ddc</subfield>
    <subfield code="4">0</subfield>
    <subfield code="7">0</subfield>
    <subfield code="a">CCEP</subfield>
    <subfield code="b">CCEP</subfield>
    <subfield code="d">2025-03-13</subfield>
    <subfield code="e">188</subfield>
    <subfield code="g">175.00</subfield>
    <subfield code="l">0</subfield>
    <subfield code="o">891.46 MUL</subfield>
    <subfield code="p">CCEP-BK-68762</subfield>
    <subfield code="r">2025-03-13 00:00:00</subfield>
    <subfield code="v">250.00</subfield>
    <subfield code="w">2025-03-13</subfield>
    <subfield code="y">BK</subfield>
  </datafield>
</record>
